Formuła 1 - zwycięzcy GP 1980-1999 - Statystyki

Ogólne statystyki
  • Ten quiz został rozwiązany 300 razy
  • Średni wynik to 13 z 30
Statystyki odpowiedzi
Liczba zwycięstw Państwo Kierowca % Poprawnych
41 Brazylia Ayrton Senna
100%
51 Francja Alain Prost
99%
35 Niemcy Michael Schumacher
98%
8 Austria Niki Lauda
89%
14 Finlandia Mika Hakkinen
83%
31 Wielka Brytania Nigel Mansell
80%
23 Brazylia Nelson Piquet
70%
22 Wielka Brytania Damon Hill
68%
2 Kanada Gilles Villeneuve
66%
11 Kanada Jacques Villeneuve
65%
5 Finlandia Keke Rosberg
60%
10 Austria Gerhard Berger
49%
6 Wielka Brytania David Coulthard
48%
7 Australia Alan Jones
41%
1 Francja Olivier Panis
33%
3 Argentyna Carlos Reutemann
32%
1 Francja Jean Alesi
32%
3 Niemcy Heinz-Harald Frentzen
26%
4 Wielka Brytania Eddie Irvine
25%
6 Włochy Riccardo Patrese
25%
7 Francja Rene Arnoux
23%
5 Włochy Michele Alboreto
21%
3 Francja Didier Pironi
15%
2 Włochy Elio de Angelis
15%
3 Wielka Brytania Johnny Herbert
15%
3 Belgia Thierry Boutsen
15%
1 Włochy Alessandro Nannini
11%
4 Wielka Brytania John Watson
10%
2 Francja Patrick Tambay
10%
1 Francja Jean-Pierre Jabouille
9%
Nie znaleziono quizów pasujących do podanych kryteriów
Rozkład punktacji
Procent ludzi z każdym wynikiem
Percentyl według liczby udzielonych odpowiedzi
Twoja historia wyników
Nie rozwiązałeś tego quizu